000 00293nam a22001337a 4500
008 170815b xxu||||| |||| 00| 0 eng d
020 _a9781133152132
041 _aeng
080 _27 ED
_a51
100 _a36
101 _aMAT
245 _aCALCULUS CONCEPTS
_cKENELLY.L
942 _2udc
_cBK
999 _c23530
_d23530